Researches concerning the institutions & monuments of the ancient inhabitants of America, with descriptions & views ofsome of the most striking scenes in the cordilleras ! (Record no. 3603)

MARC details
000 -CABECERA
campo de control de longitud fija 00873nam a2200217 a 4500
001 - NÚMERO DE CONTROL
campo de control BRCA_3875
005 - FECHA Y HORA DE LA ÚLTIMA TRANSACCIÓN
campo de control 20190320204446.0
008 - DATOS DE LONGITUD FIJA--INFORMACIÓN GENERAL
campo de control de longitud fija 201209s1814----uk-a######---#000-0#ger-#
041 ## - CÓDIGO DE LENGUA
Código de lengua del texto/banda sonora o título independiente ger
044 ## - CÓDIGO DEL PAÍS DE LA ENTIDAD EDITORA/PRODUCTORA
Código MARC del país Uk
050 #4 - SIGNATURA TOPOGRÁFICA DE LA BIBLIOTECA DEL CONGRESO
Número de clasificación F2223
Número de documento/Ítem .H86 1814
100 1# - ENTRADA PRINCIPAL--NOMBRE DE PERSONA
Nombre de persona Humboldt, Alexander Freiherr von
Fechas asociadas al nombre 1769-1859.
9 (RLIN) 9159
245 10 - MENCIÓN DE TÍTULO
Título Researches concerning the institutions & monuments of the ancient inhabitants of America, with descriptions & views ofsome of the most striking scenes in the cordilleras !
Mención de responsabilidad, etc. Alexander de Humboldt ; written in French and translated into English by Helen María Williams.
260 ## - PUBLICACIÓN, DISTRIBUCIÓN, ETC.
Lugar de publicación, distribución, etc. London
Nombre del editor, distribuidor, etc. Longman, Hurst, Rees, Orme & Brown : J. Murray : H. Colburn
Fecha de publicación, distribución, etc. 1814
300 ## - DESCRIPCIÓN FÍSICA
Extensión 2 v.
Otras características físicas il.
Dimensiones 22 cm.
500 ## - NOTA GENERAL
Nota general C35
650 14 - PUNTO DE ACCESO ADICIONAL DE MATERIA--TÉRMINO DE MATERIA
Término de materia o nombre geográfico como elemento de entrada Viajeros alemanes.
9 (RLIN) 7026
651 #4 - PUNTO DE ACCESO ADICIONAL DE MATERIA--NOMBRE GEOGRÁFICO
Nombre geográfico América del Sur
Subdivisión de forma Descripción y viajes.
9 (RLIN) 10089
902 ## - CATALOGADOR
Iniciales GFM
942 ## - ELEMENTOS DE PUNTO DE ACCESO ADICIONAL (KOHA)
Fuente del sistema de clasificación o colocación Library of Congress Classification
Tipo de ítem Koha Libros
Holdings
Estado de retiro Estado de pérdida Estado dañado No para préstamo Localización permanente Ubicación/localización actual Fecha de adquisición Número de inventario Total de préstamos Signatura topográfica completa Código de barras Fecha visto por última vez Precio válido a partir de Tipo de ítem Koha
El ejemplar forma parte de la colección y puede ser consultado según las políticas vigentes.       Biblioteca del Museo Franz Mayer (Rogerio Casas-Alatriste) Biblioteca del Museo Franz Mayer (Rogerio Casas-Alatriste) 20/12/2009 C35   F2223 .H86 1814 (C35) 3872 22/03/2019 22/03/2019 Libros